[Event "Naumburg Osteropen 9th"]
[Site "Naumburg Saale"]
[Date "2014.04.20"]
[Round "3.2"]
[White "Dexter, Daniel"]
[Black "Ruemmler, Roland"]
[Result "1-0"]
[WhiteElo "2206"]
[BlackElo "2009"]
[PlyCount "41"]
[EventDate "2014.04.19"]
[EventType "swiss"]
[EventRounds "5"]
[EventCountry "GER"]
[SourceTitle "EXT 2020"]
[Source "ChessBase"]
[SourceDate "2019.10.17"]
[SourceVersion "1"]
[SourceVersionDate "2019.10.17"]
[SourceQuality "1"]

1. e4 c5 2. Nf3 d6 3. c3 Nf6 4. Be2 Bd7 5. d3 Bc6 6. 0-0 Nbd7 7. Re1 g6 8. Bf1 Qc7 9. h3 Bg7 10. Bf4 0-0 11. Nbd2 Ne5 12. Rc1 Nxf3+ 13. Nxf3 b6 14. Qd2 Rad8 15. Nh2 c4 16. Ng4 cxd3 17. Bxd3 Qb7 18. Bh6 Nxe4 19. Bxe4 Bxe4 20. Bxg7 Kxg7 21. Qd4+ 1-0

[Event "Naumburg Osteropen 9th"]
[Site "Naumburg Saale"]
[Date "2014.04.20"]
[Round "4.2"]
[White "Hille, Wolfram"]
[Black "Dexter, Daniel"]
[Result "0-1"]
[WhiteElo "1988"]
[BlackElo "2206"]
[PlyCount "124"]
[EventDate "2014.04.19"]
[EventType "swiss"]
[EventRounds "5"]
[EventCountry "GER"]
[SourceTitle "EXT 2020"]
[Source "ChessBase"]
[SourceDate "2019.10.17"]
[SourceVersion "1"]
[SourceVersionDate "2019.10.17"]
[SourceQuality "1"]

1. e4 c5 2. Nc3 d6 3. f4 Nc6 4. Nf3 a6 5. g3 Bg4 6. Bg2 Nd4 7. h3 Bxf3 8. Bxf3 e5 9. d3 exf4 10. Bxf4 Ne7 11. 0-0 Ng6 12. Nd5 Be7 13. c3 Nxf3+ 14. Qxf3 0-0 15. h4 Ne5 16. Qe2 Rc8 17. b3 Qe8 18. Bxe5 dxe5 19. Qg4 Rc6 20. Qh5 Bd8 21. Qe2 Qd7 22. Kh2 Rh6 23. Rf5 Re6 24. Raf1 b5 25. c4 g6 26. R5f2 h5 27. Qe3 Rc6 28. Qh6 Qg4 29. Ne3 Qd7 30. Nd5 b4 31. Rf3 a5 32. R1f2 a4 33. bxa4 Ra6 34. Rf5 Qxa4 35. R5f3 Qd1 36. Qd2 Qxd2 37. Rxd2 Kg7 38. Re2 f6 39. Kh3 Rf7 40. g4 hxg4+ 41. Kxg4 Ra3 42. h5 Rfa7 43. Nxf6 Bxf6 44. h6+ Kxh6 45. Rxf6 Rxa2 46. Rff2 b3 47. Rh2+ Kg7 48. Rb2 Rxb2 49. Rxb2 Rb7 50. Kg5 Rb6 51. Kg4 Kf7 52. Rf2+ Ke6 53. Rb2 Kd7 54. Kf3 Kc7 55. Ke3 Kb7 56. Kd2 Ka6 57. Kc1 Ka5 58. Rg2 Kb4 59. Kb2 Ra6 60. Rg3 Ra2+ 61. Kb1 Rd2 62. Rxg6 Rxd3 0-1

[Event "Naumburg Osteropen 9th"]
[Site "Naumburg Saale"]
[Date "2014.04.19"]
[Round "2.2"]
[White "Baumert, Andre"]
[Black "Dexter, Daniel"]
[Result "0-1"]
[WhiteElo "1843"]
[BlackElo "2206"]
[PlyCount "38"]
[EventDate "2014.04.19"]
[EventType "swiss"]
[EventRounds "5"]
[EventCountry "GER"]
[SourceTitle "EXT 2020"]
[Source "ChessBase"]
[SourceDate "2019.10.17"]
[SourceVersion "1"]
[SourceVersionDate "2019.10.17"]
[SourceQuality "1"]

1. Nf3 Nf6 2. d4 g6 3. c4 Bg7 4. Nc3 0-0 5. e4 d6 6. h3 Na6 7. Be3 c5 8. g3 cxd4 9. Nxd4 Nc5 10. Bg2 Nfd7 11. b4 Na6 12. Qb3 Ne5 13. f4 Nd3+ 14. Ke2 Ndxb4 15. Rad1 Qa5 16. a3 Nc6 17. Nd5 Re8 18. Kf2 Nc5 19. Qb2 Ne6 0-1

[Event "Leipzig VfB op 21st"]
[Site "Leipzig"]
[Date "2014.03.08"]
[Round "8"]
[White "Dexter, Daniel"]
[Black "Liedtke, Matthias"]
[Result "0-1"]
[WhiteElo "2211"]
[BlackElo "2314"]
[PlyCount "96"]
[EventDate "2014.03.04"]
[EventType "tourn"]
[EventRounds "9"]
[EventCountry "GER"]
[SourceTitle "CBM 159 Extra"]
[Source "ChessBase"]
[SourceDate "2014.04.24"]
[SourceVersion "1"]
[SourceVersionDate "2014.04.24"]
[SourceQuality "1"]

1. e4 e6 2. Qe2 Be7 3. Nc3 d5 4. d3 Nf6 5. g3 c5 6. Bg2 Nc6 7. Nf3 0-0 8. 0-0 a6 9. Bg5 b5 10. Ne1 b4 11. exd5 Nd4 12. Qd2 exd5 13. Nxd5 Nxd5 14. Bxe7 Qxe7 15. Bxd5 Bh3 16. Bg2 Bxg2 17. Kxg2 Rfe8 18. f3 Qf6 19. Rf2 Re6 20. c3 bxc3 21. bxc3 Nb5 22. Rc1 Rae8 23. a4 Nd6 24. Nc2 Qe7 25. Rcf1 h5 26. h4 Nf5 27. Qf4 Rf6 28. Re1 Qxe1 29. Nxe1 Ne3+ 30. Kh3 Rxf4 31. gxf4 Nd1 32. Rf1 Nxc3 33. a5 Re3 34. Kg3 f5 35. Rg1 Re2 36. Ng2 Rd2 37. Re1 Ne2+ 38. Kh3 g6 39. Rb1 Rxd3 40. Rb6 Rxf3+ 41. Kh2 Kg7 42. Rxa6 Nxf4 43. Rc6 Rh3+ 44. Kg1 Rg3 45. Kf2 Rxg2+ 46. Kf3 Rg4 47. a6 Nd3 48. a7 Ra4 0-1

[Event "Leipzig VfB op 21st"]
[Site "Leipzig"]
[Date "2014.03.08"]
[Round "7"]
[White "Roitzsch, Philippe"]
[Black "Dexter, Daniel"]
[Result "0-1"]
[WhiteElo "2019"]
[BlackElo "2211"]
[PlyCount "60"]
[EventDate "2014.03.04"]
[EventType "tourn"]
[EventRounds "9"]
[EventCountry "GER"]
[SourceTitle "CBM 159 Extra"]
[Source "ChessBase"]
[SourceDate "2014.04.24"]
[SourceVersion "1"]
[SourceVersionDate "2014.04.24"]
[SourceQuality "1"]

1. e4 c5 2. c3 Qa5 3. Nf3 Nc6 4. Bc4 d6 5. 0-0 Nf6 6. Re1 b5 7. Bb3 Bg4 8. h3 Bxf3 9. Qxf3 e5 10. d3 Nd4 11. Qd1 Nxb3 12. Qxb3 Be7 13. Nd2 0-0 14. Nf1 Qb6 15. Qd1 Rfe8 16. Bg5 Nd5 17. Bxe7 Nxe7 18. Ng3 Ng6 19. Nf1 Nf4 20. Kh2 c4 21. d4 Nd3 22. dxe5 Qxf2 23. Re2 Qf4+ 24. Kg1 Rxe5 25. Nd2 Nxb2 26. Qc2 Nd3 27. Rf1 Qg3 28. Rf3 Qg6 29. Rxd3 cxd3 30. Qxd3 Rae8 0-1

[Event "Leipzig VfB op 21st"]
[Site "Leipzig"]
[Date "2014.03.06"]
[Round "4"]
[White "Dexter, Daniel"]
[Black "Grosse, Marcus"]
[Result "1-0"]
[WhiteElo "2211"]
[BlackElo "1978"]
[PlyCount "67"]
[EventDate "2014.03.04"]
[EventType "tourn"]
[EventRounds "9"]
[EventCountry "GER"]
[SourceTitle "CBM 159 Extra"]
[Source "ChessBase"]
[SourceDate "2014.04.24"]
[SourceVersion "1"]
[SourceVersionDate "2014.04.24"]
[SourceQuality "1"]

1. e4 c5 2. Nf3 d6 3. c3 Nf6 4. Be2 Bd7 5. d3 g6 6. 0-0 Bg7 7. Re1 0-0 8. h3 b5 9. Bf1 a5 10. g4 a4 11. Bg2 Bc6 12. a3 Nbd7 13. Be3 Qa5 14. Nbd2 Rab8 15. Rc1 Qa8 16. g5 Ne8 17. d4 e6 18. Rc2 c4 19. h4 f5 20. d5 exd5 21. exf5 d4 22. Bxd4 Bxd4 23. cxd4 Rxf5 24. Re7 Nb6 25. Qe2 Nd5 26. Qe6+ Kh8 27. Rxh7+ Kxh7 28. h5 Rxf3 29. Nxf3 Qb7 30. Nh4 Nf4 31. hxg6+ Kh8 32. Qf7 Ng7 33. Qxf4 Bxg2 34. Nxg2 1-0

[Event "Leipzig VfB op 18th"]
[Site "Leipzig"]
[Date "2011.03.26"]
[Round "7"]
[White "Roesemann, Rainer"]
[Black "Dexter, Daniel"]
[Result "1/2-1/2"]
[WhiteElo "2281"]
[BlackElo "2217"]
[PlyCount "113"]
[EventDate "2011.03.20"]
[EventType "swiss"]
[EventRounds "9"]
[EventCountry "GER"]
[SourceTitle "CBM 141 Extra"]
[Source "ChessBase"]
[SourceDate "2011.05.03"]
[SourceVersion "1"]
[SourceVersionDate "2011.05.03"]
[SourceQuality "1"]

1. c4 c5 2. g3 Nc6 3. Bg2 d6 4. Nc3 a6 5. Nf3 e5 6. d3 Be7 7. a3 f5 8. 0-0 Nf6 9. Rb1 0-0 10. b4 Qe8 11. Bg5 Qh5 12. Bxf6 Bxf6 13. Nd5 Bd8 14. bxc5 dxc5 15. Nb6 Bxb6 16. Rxb6 f4 17. Qa4 Rf6 18. Rfb1 fxg3 19. hxg3 Rh6 20. Kf1 Bh3 21. Bxh3 Qxh3+ 22. Ke1 Rd8 23. Rxb7 e4 24. Ng5 Qh5 25. Nf7 Re6 26. g4 Qxg4 27. Nxd8 e3 28. fxe3 Rxe3 29. Qd1 Nd4 30. Kd2 Rxe2+ 31. Kc3 Qg1 32. R7b2 Rxb2 33. Kxb2 Qf2+ 34. Kc3 Qa2 35. Rb2 Qxa3+ 36. Rb3 Nxb3 37. Qxb3 Qa5+ 38. Kc2 Qxd8 39. Qb7 h5 40. Qxa6 Qg5 41. Qa8+ Kh7 42. Qe4+ Qg6 43. Qd5 h4 44. Qxc5 h3 45. Qe5 Qg2+ 46. Kc3 Kh6 47. Qe6+ g6 48. Qe3+ g5 49. Qe6+ Kh5 50. Qe8+ Kg4 51. Qc8+ Kf3 52. Qb7+ Kf2 53. Qb6+ Ke2 54. Qb2+ Kf1 55. Qb1+ Kf2 56. Qb6+ Kg3 57. Qb8+ 1/2-1/2

[Event "Leipzig VfB op 18th"]
[Site "Leipzig"]
[Date "2011.03.23"]
[Round "2"]
[White "Grosse, Marcus"]
[Black "Dexter, Daniel"]
[Result "0-1"]
[WhiteElo "1968"]
[BlackElo "2217"]
[PlyCount "75"]
[EventDate "2011.03.20"]
[EventType "swiss"]
[EventRounds "9"]
[EventCountry "GER"]
[SourceTitle "CBM 141 Extra"]
[Source "ChessBase"]
[SourceDate "2011.05.03"]
[SourceVersion "1"]
[SourceVersionDate "2011.05.03"]
[SourceQuality "1"]

1. e4 c5 2. c3 d6 3. d4 Nd7 4. Bd3 g6 5. Be3 Bg7 6. Qd2 b6 7. Ne2 Bb7 8. f4 Ngf6 9. e5 Ng4 10. 0-0 0-0 11. h3 Nxe3 12. Qxe3 dxe5 13. dxe5 f5 14. Bc4+ Kh8 15. Rd1 Qc7 16. Bd5 Rad8 17. c4 Nxe5 18. fxe5 e6 19. Nf4 Rfe8 20. Nc3 exd5 21. cxd5 Bxe5 22. Ne6 Rxe6 23. dxe6 Bd4 24. Rxd4 cxd4 25. Nb5 Qc6 26. Qg5 Rf8 27. e7 Re8 28. Nxd4 Qe4 29. Rd1 Qxe7 30. Qf4 Qc5 31. Kh2 Qd5 32. Rd2 Qe5 33. Kg3 g5 34. Qxe5+ Rxe5 35. a4 Rd5 36. Kf2 Kg7 37. Ke3 Kf6 38. Nb5 0-1

[Event "Oberliga Ost-A 0607"]
[Site "Germany"]
[Date "2007.04.22"]
[Round "11.2"]
[White "Dexter, Daniel"]
[Black "Peters, Andreas"]
[Result "1-0"]
[WhiteElo "2243"]
[BlackElo "2325"]
[PlyCount "65"]
[EventDate "2006.10.15"]
[EventType "team-tourn"]
[EventRounds "11"]
[EventCountry "GER"]
[SourceTitle "EXT 2008"]
[Source "ChessBase"]
[SourceDate "2007.11.25"]
[SourceVersion "1"]
[SourceVersionDate "2007.11.25"]
[SourceQuality "1"]
[WhiteTeam "Naumburg"]
[BlackTeam "Leipzig Gohlis II"]
[WhiteTeamCountry "GER"]
[BlackTeamCountry "GER"]

1. e4 e6 2. Qe2 c5 3. g3 Nc6 4. Bg2 g6 5. f4 Bg7 6. Nf3 Nge7 7. d3 d6 8. c3 Qc7 9. Na3 a6 10. Nc2 b5 11. Bd2 Bb7 12. Rc1 0-0 13. g4 Rae8 14. g5 f6 15. h4 e5 16. fxe5 Nxe5 17. Nxe5 fxe5 18. h5 d5 19. Ne3 dxe4 20. dxe4 Rd8 21. c4 Nc6 22. Nd5 Qd6 23. h6 Bh8 24. cxb5 Nd4 25. Qc4 Bxd5 26. Qxd5+ Qxd5 27. exd5 axb5 28. Rxc5 e4 29. Rh3 Rfe8 30. Bc3 e3 31. Rh4 Nc2+ 32. Ke2 Rf8 33. Bf6 1-0

[Event "Leipzig VfB op 14th"]
[Site "Leipzig"]
[Date "2007.03.25"]
[Round "9"]
[White "Dexter, Daniel"]
[Black "Hoffmann, Steffen"]
[Result "1-0"]
[WhiteElo "2243"]
[BlackElo "2057"]
[PlyCount "53"]
[EventDate "2007.03.20"]
[EventType "swiss"]
[EventRounds "9"]
[EventCountry "GER"]
[SourceTitle "EXT 2008"]
[Source "ChessBase"]
[SourceDate "2007.11.25"]
[SourceVersion "1"]
[SourceVersionDate "2007.11.25"]
[SourceQuality "1"]

1. e4 c5 2. Nf3 a6 3. Nc3 b5 4. d4 cxd4 5. Nxd4 Bb7 6. Bd3 d6 7. 0-0 Nf6 8. Qe2 e6 9. Kh1 Be7 10. Bg5 0-0 11. a3 Nbd7 12. f4 Nc5 13. Rad1 Na4 14. Nxa4 bxa4 15. e5 dxe5 16. fxe5 Nd7 17. Nxe6 fxe6 18. Qh5 Rf5 19. Bxf5 exf5 20. e6 Bxg5 21. Rxd7 Bxg2+ 22. Kxg2 Qf6 23. Qf7+ Qxf7 24. exf7+ Kf8 25. Rxf5 Bf6 26. c3 Rb8 27. Rf2 1-0

[Event "Saale-Herbst op 3rd"]
[Site "Halle/Saale"]
[Date "2006.10.27"]
[Round "4"]
[White "Dexter, Daniel"]
[Black "Engelmann, Jakob"]
[Result "1/2-1/2"]
[WhiteElo "2157"]
[BlackElo "2081"]
[PlyCount "109"]
[EventDate "2006.10.25"]
[EventType "swiss"]
[EventRounds "7"]
[EventCountry "GER"]
[SourceTitle "EXT 2019"]
[Source "ChessBase"]
[SourceDate "2018.10.10"]
[SourceVersion "1"]
[SourceVersionDate "2018.10.10"]
[SourceQuality "1"]

1. c4 e6 2. Nf3 Nf6 3. g3 b6 4. Bg2 Bb7 5. d3 Be7 6. 0-0 c5 7. e4 d6 8. a3 Nc6 9. Nc3 0-0 10. Rb1 Re8 11. Re1 Qd7 12. b4 Ng4 13. h3 Nge5 14. Nh2 Nd4 15. f4 Nec6 16. b5 Nd8 17. g4 f5 18. exf5 exf5 19. Bxb7 Nxb7 20. g5 Bf8 21. Be3 Ne6 22. h4 Nc7 23. Nf3 d5 24. cxd5 Nxd5 25. Qb3 Rad8 26. Ne5 Na5 27. Nxd7 Nxb3 28. Nxd5 Rxd7 29. Nxb6 Rxd3 30. Nd5 Nd4 31. Bxd4 Rxe1+ 32. Rxe1 cxd4 33. h5 Rxa3 34. Kg2 Kf7 35. Re5 Bd6 36. g6+ hxg6 37. hxg6+ Kxg6 38. Re6+ Kh5 39. Rxd6 g5 40. Nb4 gxf4 41. Rxd4 Ra5 42. Rd5 Kg4 43. Nc6 f3+ 44. Kf2 Ra2+ 45. Ke3 f4+ 46. Ke4 f2 47. Ne5+ Kg3 48. Rd3+ Kg2 49. Rd1 Re2+ 50. Kxf4 f1Q+ 51. Rxf1 Kxf1 52. Nc6 Ra2 53. Ke4 Ke2 54. Kd5 Kd2 55. Nxa7 1/2-1/2

[Event "Saale-Herbst op 3rd"]
[Site "Halle/Saale"]
[Date "2006.10.25"]
[Round "1"]
[White "Dexter, Daniel"]
[Black "Kunth, Tobias"]
[Result "1-0"]
[WhiteElo "2157"]
[BlackElo "1693"]
[PlyCount "61"]
[EventDate "2006.10.25"]
[EventType "swiss"]
[EventRounds "7"]
[EventCountry "GER"]
[SourceTitle "EXT 2019"]
[Source "ChessBase"]
[SourceDate "2018.10.10"]
[SourceVersion "1"]
[SourceVersionDate "2018.10.10"]
[SourceQuality "1"]

1. e4 c6 2. d4 d5 3. exd5 cxd5 4. c4 Nf6 5. Nc3 Nc6 6. Bg5 e6 7. cxd5 exd5 8. Qe2+ Be6 9. Nf3 Qa5 10. Bxf6 gxf6 11. g3 Bb4 12. Rc1 Qxa2 13. Bh3 Bxc3+ 14. Rxc3 Qb1+ 15. Kd2 Qxb2+ 16. Rc2 Qb4+ 17. Kc1 Kd7 18. Bxe6+ fxe6 19. Rb2 Qa3 20. Kb1 Rab8 21. Rd1 a6 22. Ne1 Na5 23. Rb6 Qe7 24. Nd3 Nc6 25. Nc5+ Kc7 26. Qb2 Kc8 27. Rc1 e5 28. Nxb7 Rxb7 29. Rcxc6+ Kb8 30. Rxb7+ Qxb7 31. Rb6 1-0

[Event "Leipzig VfB op 13th"]
[Site "Leipzig"]
[Date "2006.03.19"]
[Round "9"]
[White "Dexter, Daniel"]
[Black "Langheinrich, Ferenc"]
[Result "0-1"]
[WhiteElo "2245"]
[BlackElo "2382"]
[PlyCount "82"]
[EventDate "2006.03.14"]
[EventType "swiss"]
[EventRounds "9"]
[EventCountry "GER"]
[SourceTitle "EXT 2008"]
[Source "ChessBase"]
[SourceDate "2007.11.25"]
[SourceVersion "1"]
[SourceVersionDate "2007.11.25"]
[SourceQuality "1"]

1. d4 d5 2. Nf3 c6 3. g3 Nf6 4. Bg2 Bf5 5. 0-0 e6 6. c4 Nbd7 7. Bf4 Be7 8. Nc3 dxc4 9. Nd2 Nb6 10. e4 Bg4 11. Nf3 0-0 12. h3 Bh5 13. g4 Bg6 14. Ne5 Nfd7 15. Nxg6 hxg6 16. Qf3 e5 17. dxe5 Bc5 18. e6 fxe6 19. Qg3 Qf6 20. Be3 e5 21. g5 Qe7 22. h4 Rf7 23. Rad1 Bxe3 24. fxe3 Rxf1+ 25. Bxf1 Kf8 26. Qg4 Ke8 27. h5 gxh5 28. Qxh5+ Kd8 29. Ne2 Qc5 30. Kf2 Kc7 31. Ng3 Rf8+ 32. Nf5 Nd5 33. Re1 Ne7 34. g6 Nf6 35. Qf3 Nxe4+ 36. Qxe4 Nxf5 37. Kg1 Ng3 38. Qh4 Nxf1 39. Rxf1 Qxe3+ 40. Kg2 Qe2+ 41. Kg3 Qxf1 0-1

[Event "Leipzig VfB op 13th"]
[Site "Leipzig"]
[Date "2006.03.15"]
[Round "2"]
[White "Grosse, Marcus"]
[Black "Dexter, Daniel"]
[Result "0-1"]
[WhiteElo "1886"]
[BlackElo "2245"]
[PlyCount "62"]
[EventDate "2006.03.14"]
[EventType "swiss"]
[EventRounds "9"]
[EventCountry "GER"]
[SourceTitle "EXT 2008"]
[Source "ChessBase"]
[SourceDate "2007.11.25"]
[SourceVersion "1"]
[SourceVersionDate "2007.11.25"]
[SourceQuality "1"]

1. e4 Nf6 2. e5 Nd5 3. d4 d6 4. c4 Nb6 5. exd6 cxd6 6. d5 e5 7. Nc3 Be7 8. Bd3 0-0 9. Nge2 f5 10. f3 Na6 11. Be3 Bh4+ 12. g3 Bg5 13. Bxg5 Qxg5 14. Qd2 Qh5 15. Qe3 Nb4 16. 0-0-0 Nxd3+ 17. Qxd3 Bd7 18. b3 Be8 19. h3 Nd7 20. Qe3 a6 21. g4 Qh4 22. Kb2 Nc5 23. Rhg1 f4 24. Qd2 Qxh3 25. Rdf1 Qh4 26. Nc1 b5 27. cxb5 axb5 28. Rh1 Qe7 29. Nd3 Qa7 30. Ra1 Qa3+ 31. Kc2 Bg6 0-1

[Event "Oberliga Ost-A 0506"]
[Site "Germany"]
[Date "2006.01.15"]
[Round "5.1"]
[White "Dexter, Daniel"]
[Black "Weitzer, Steffen"]
[Result "1-0"]
[WhiteElo "2249"]
[BlackElo "2227"]
[PlyCount "103"]
[EventDate "2005.11.13"]
[EventType "team-tourn"]
[EventRounds "11"]
[EventCountry "GER"]
[SourceTitle "EXT 2007"]
[Source "ChessBase"]
[SourceDate "2006.11.23"]
[SourceVersion "1"]
[SourceVersionDate "2006.11.23"]
[SourceQuality "1"]
[WhiteTeam "Naumburg"]
[BlackTeam "Leipzig Lok Mitte II"]
[WhiteTeamCountry "GER"]
[BlackTeamCountry "GER"]

1. e4 c5 2. Nf3 d6 3. Nc3 Nf6 4. d4 cxd4 5. Nxd4 g6 6. Be2 Bg7 7. Be3 Nc6 8. f3 Bd7 9. g4 h5 10. g5 Nh7 11. h4 Nf8 12. Nd5 Ne6 13. Nxe6 fxe6 14. Nf4 Kf7 15. c3 Qa5 16. Qb3 Ne5 17. 0-0 Qa4 18. Ng2 Qxb3 19. axb3 a6 20. f4 Ng4 21. Bxg4 hxg4 22. Rae1 Bc6 23. Bb6 a5 24. Kh2 a4 25. bxa4 Rxa4 26. e5 Ra2 27. Rf2 Bxg2 28. Kxg2 Rxh4 29. Kg3 Rh3+ 30. Kxg4 Rd3 31. Re3 Rxe3 32. Bxe3 b5 33. Bd4 Ra1 34. Re2 Rd1 35. Kf3 b4 36. Ke4 bxc3 37. Bxc3 Rb1 38. b4 Rb3 39. Kd4 Ke8 40. Kc4 Ra3 41. b5 Kd7 42. Kb4 Ra8 43. Bd4 Rf8 44. Re4 d5 45. Re2 Rxf4 46. Kc5 Rf1 47. Ra2 Re1 48. Ra7+ Kc8 49. Kc6 Rc1+ 50. Bc5 Bxe5 51. Rxe7 Kd8 52. Rf7 1-0

[Event "Oberliga Ost-A 0405"]
[Site "Germany"]
[Date "2005.03.13"]
[Round "9.2"]
[White "Siedentopf, Daniel"]
[Black "Dexter, Daniel"]
[Result "1/2-1/2"]
[WhiteElo "2158"]
[BlackElo "2212"]
[PlyCount "38"]
[EventDate "2004.10.10"]
[EventType "team-tourn"]
[EventRounds "11"]
[EventCountry "GER"]
[SourceTitle "EXT 2006"]
[Source "ChessBase"]
[SourceDate "2005.11.24"]
[SourceVersion "1"]
[SourceVersionDate "2005.11.24"]
[SourceQuality "1"]
[WhiteTeam "Dresden SC 1898 II"]
[BlackTeam "Naumburg"]
[WhiteTeamCountry "GER"]
[BlackTeamCountry "GER"]

1. d4 Nf6 2. c4 g6 3. Nc3 Bg7 4. e4 0-0 5. Be3 c6 6. f3 d6 7. Bd3 Nbd7 8. Nge2 a6 9. 0-0 b5 10. b4 bxc4 11. Bxc4 d5 12. Bb3 dxe4 13. fxe4 Ng4 14. Bc1 e5 15. d5 Qb6+ 16. Kh1 Nb8 17. dxc6 Nxc6 18. Nd5 Nf2+ 19. Kg1 Nh3+ 1/2-1/2

[Event "Oberliga Ost-A 0405"]
[Site "Germany"]
[Date "2004.12.12"]
[Round "5.2"]
[White "Dexter, Daniel"]
[Black "Hoepfl, Thomas"]
[Result "1/2-1/2"]
[WhiteElo "2212"]
[BlackElo "2301"]
[PlyCount "91"]
[EventDate "2004.10.10"]
[EventType "team-tourn"]
[EventRounds "11"]
[EventCountry "GER"]
[SourceTitle "EXT 2006"]
[Source "ChessBase"]
[SourceDate "2005.11.24"]
[SourceVersion "1"]
[SourceVersionDate "2005.11.24"]
[SourceQuality "1"]
[WhiteTeam "Naumburg"]
[BlackTeam "Halle USV"]
[WhiteTeamCountry "GER"]
[BlackTeamCountry "GER"]

1. e4 c5 2. Nf3 d6 3. Bb5+ Bd7 4. Bxd7+ Qxd7 5. 0-0 Nc6 6. c3 Nf6 7. Re1 e6 8. d4 d5 9. exd5 Qxd5 10. Qa4 cxd4 11. Nxd4 Qa5 12. Qxa5 Nxa5 13. Bg5 Nd5 14. Nd2 Rc8 15. Rad1 h6 16. Bh4 Be7 17. Bxe7 Kxe7 18. Nf5+ Kf8 19. Nd6 Rc6 20. Nb3 Nxb3 21. Rxd5 Kg8 22. Nxf7 exd5 23. Nxh8 Kxh8 24. axb3 Rb6 25. b4 a5 26. bxa5 Rxb2 27. Kf1 Ra2 28. Rb1 Rxa5 29. Rxb7 Ra2 30. Re7 Ra4 31. Rc7 d4 32. cxd4 Rxd4 33. Ke2 Ra4 34. g3 Kh7 35. Ke3 Kg6 36. h4 Ra3+ 37. Ke4 Ra4+ 38. Ke5 Ra5+ 39. Kf4 Rf5+ 40. Ke3 Re5+ 41. Kd4 Re2 42. f3 Re1 43. h5+ Kxh5 44. Rxg7 Rd1+ 45. Ke5 Rd5+ 46. Kxd5 1/2-1/2

[Event "Oberliga Ost-A 0405"]
[Site "Germany"]
[Date "2004.11.14"]
[Round "3.2"]
[White "Kastner, Peter"]
[Black "Dexter, Daniel"]
[Result "0-1"]
[WhiteElo "2195"]
[BlackElo "2212"]
[PlyCount "74"]
[EventDate "2004.10.10"]
[EventType "team-tourn"]
[EventRounds "11"]
[EventCountry "GER"]
[SourceTitle "EXT 2006"]
[Source "ChessBase"]
[SourceDate "2005.11.24"]
[SourceVersion "1"]
[SourceVersionDate "2005.11.24"]
[SourceQuality "1"]
[WhiteTeam "Liebschwitz"]
[BlackTeam "Naumburg"]
[WhiteTeamCountry "GER"]
[BlackTeamCountry "GER"]

1. Nf3 d5 2. g3 Nf6 3. Bg2 c5 4. 0-0 e6 5. c4 Be7 6. b3 0-0 7. Bb2 Nc6 8. d3 b6 9. Nbd2 Bb7 10. Rc1 Qd7 11. Qc2 d4 12. Rfe1 Rad8 13. Rcd1 Rfe8 14. a3 Bf8 15. Nf1 e5 16. e4 dxe3 17. fxe3 Qc7 18. e4 Nd4 19. Nxd4 exd4 20. Bc1 Bd6 21. Bg5 Be5 22. Qc1 Bc8 23. Bf3 Rd6 24. Qd2 h6 25. Bf4 Nd7 26. Bg2 Rf6 27. Bxe5 Nxe5 28. Qc2 Bg4 29. Rd2 Qd7 30. Rf2 Rxf2 31. Kxf2 Re6 32. Kg1 Rf6 33. Rb1 Bf3 34. b4 Bxg2 35. Kxg2 Qg4 36. Rd1 Qf3+ 37. Kg1 Ng4 0-1

[Event "Oberliga Ost-A 0304"]
[Site "Germany"]
[Date "2004.04.25"]
[Round "11.2"]
[White "Spiess, Gunter"]
[Black "Dexter, Daniel"]
[Result "1-0"]
[WhiteElo "2391"]
[BlackElo "2223"]
[PlyCount "57"]
[EventDate "2003.11.02"]
[EventType "team-tourn"]
[EventRounds "11"]
[EventCountry "GER"]
[SourceTitle "EXT 2005"]
[Source "ChessBase"]
[SourceDate "2004.11.15"]
[SourceVersion "1"]
[SourceVersionDate "2004.11.15"]
[SourceQuality "1"]
[WhiteTeam "Leipzig Lok"]
[BlackTeam "Naumburg"]
[WhiteTeamCountry "GER"]
[BlackTeamCountry "GER"]

1. Nf3 Nf6 2. c4 e6 3. Nc3 c5 4. g3 Be7 5. Bg2 0-0 6. 0-0 d5 7. cxd5 exd5 8. d4 c4 9. Ne5 a6 10. b3 cxb3 11. Qxb3 Nc6 12. Nxc6 bxc6 13. Ba3 a5 14. Rfc1 Ba6 15. e3 Bc4 16. Qa4 Ra6 17. Rab1 Nd7 18. Bxe7 Qxe7 19. Rb7 Rb8 20. Rcb1 Rxb7 21. Rxb7 g6 22. Bxd5 Rb6 23. Rxb6 Nxb6 24. Qxc6 Qb4 25. Qe8+ Kg7 26. Qxf7+ Kh6 27. Qf4+ Kg7 28. Bxc4 Nxc4 29. Nd5 1-0

[Event "Leipzig VfB op 11th"]
[Site "Leipzig"]
[Date "2004.03.18"]
[Round "5"]
[White "Ziese, Gerhard"]
[Black "Dexter, Daniel"]
[Result "1/2-1/2"]
[WhiteElo "2119"]
[BlackElo "2241"]
[PlyCount "131"]
[EventDate "2004.03.16"]
[EventType "swiss"]
[EventRounds "9"]
[EventCountry "GER"]
[SourceTitle "EXT 2007"]
[Source "ChessBase"]
[SourceDate "2006.11.23"]
[SourceVersion "1"]
[SourceVersionDate "2006.11.23"]
[SourceQuality "1"]

1. d4 Nf6 2. Nf3 e6 3. c4 c5 4. d5 b5 5. Bg5 h6 6. Bxf6 Qxf6 7. e4 Qxb2 8. Nbd2 exd5 9. exd5 Bd6 10. cxb5 0-0 11. Be2 Bb7 12. 0-0 Re8 13. Bc4 Bf8 14. Re1 Rxe1+ 15. Qxe1 d6 16. Rb1 Qc3 17. Qe8 Nc6 18. Qxa8 Bxa8 19. bxc6 Qa5 20. Rb8 Bxc6 21. dxc6 Qc7 22. Rb7 Qxc6 23. Bxf7+ Kh7 24. Rxa7 Qb6 25. Ra8 Be7 26. h4 g5 27. hxg5 hxg5 28. Bd5 g4 29. Be4+ Kg7 30. Nc4 Qb4 31. Nfd2 Bg5 32. Ra7+ Kf6 33. Rd7 Bxd2 34. Rxd6+ Ke7 35. Bd3 Bf4 36. Rd5 Qe1+ 37. Bf1 g3 38. fxg3 Bxg3 39. Rf5 Qa1 40. Rf3 Qd4+ 41. Ne3 Be5 42. Kh1 Qh4+ 43. Rh3 Qe1 44. Rf3 Ke6 45. a4 Kd7 46. a5 Bd4 47. Nc2 Qh4+ 48. Rh3 Qf2 49. Bb5+ Kc7 50. Nxd4 Qe1+ 51. Kh2 cxd4 52. Rh7+ Kd6 53. Rh6+ Ke7 54. Bd3 Qxa5 55. Rh3 Kf6 56. Rf3+ Ke6 57. Rh3 Qe5+ 58. Kh1 Kd6 59. Rf3 Qe1+ 60. Kh2 Kc5 61. Rh3 Kb4 62. Bh7 Qe5+ 63. Kh1 Qf4 64. Rf3 Qg5 65. Rh3 Kc4 66. Rf3 1/2-1/2